000 00749nam a2200229 a 4500
001 44080
003 BD-RjUL
005 20211209053810.0
008 160713s1968 bg ||||| |||| 00| p ben d
020 _c: Tk. 2.50
035 _a(BD-RjUL)44198
040 _aBD-RjUL
_bben
_cBD-RjUL
041 _aben
082 _223
_a891.441
_bBEK 1968
100 _aবেগম, জাহান-আরা
_9135365
245 1 0 _aকালের কথকতা /
_cজাহান-আরা বেগম
260 _aপাবনা :
_bরুনা ভূঁইয়া,
_c১৯৬৮
300 _a[৮], ৬৫ পৃ. ;
_c২২ সেমি.
650 _aবাংলা কবিতা
_9135366
650 _aBengali Poetry
_9135367
942 _2ddc
_cBK
999 _c44080
_d44080